Horná Štubňa

Zobrazenie: Pohľad z diaľky, z kopca na obec s kostolom vľavo. V ľavom dolnom rohu sú kríky a za obcou v diaľke sú kopce

Bibliographic Details
Other Authors: Cincík, Jozef, 1908-1982 (Photographer)
Format: Photo
Language:Slovak
Published: [Bratislava] VPL 1963
Subjects:

MARC

LEADER 00000ckm a2200000 a 4500
001 vtls011592680
003 SK-MaSNL
005 20260331211011.0
007 kf bo
008 231214s1963 xo g kuslo
015 |a SNBG1963 
035 |a urn:nbn:sk:snk-km00cp2w 
035 |a urn:nbn:sk:snk-km3lqg4 
035 |a E275BF4E-554D-423A-B467-C2951E10CC6D 
040 |a SNK  |b slo  |c SNK  |e AACR2 
041 0 |a slo 
043 |a e-xo--- 
044 |a xo  |c SK 
072 7 |a 913  |x Regionálna geografia  |2 konspekt 
080 |a 721  |2 2011 
080 |a 904(084.121)  |2 2011 
080 |a 913(437.6)  |2 2011 
080 |a 726:27-523.42  |2 2011 
100 1 |a Cincík, Jozef,  |d 1908-1982  |4 pht  |9 55163 
245 1 0 |a Horná Štubňa  |h grafika  |c foto Cincík 
260 |a [Bratislava]  |b VPL  |c 1963 
300 |a 1 pohľadnica  |b čiernobiela  |c 11 x 15 cm 
520 8 |a Zobrazenie: Pohľad z diaľky, z kopca na obec s kostolom vľavo. V ľavom dolnom rohu sú kríky a za obcou v diaľke sú kopce 
610 2 7 |a Kostol sv. Joachima a sv. Anny (Horná Štubňa, Slovensko)  |2 SNKKA  |9 303435 
650 0 7 |a kultúrne pamiatky  |2 SNKPH  |9 2862 
650 0 7 |a kostoly  |2 SNKPH  |9 3023 
650 0 7 |a budovy  |2 SNKPH  |9 1283 
651 7 |a Horná Štubňa (Slovensko)  |2 SNKPHgeo  |9 89941 
655 7 |a miestne pohľadnice  |2 SNKPH  |9 70510 
655 7 |a pohľadnice kultúrnych pamiatok  |2 SNKPH  |9 70523 
852 |a Slovenská národná knižnica 
958 |a GBN 
958 |a GC 
958 |a OND 
958 |a EUIPO 
999 |c 1022021  |d 1023951 
952 |a SNK  |b SNK  |y PREZ  |7 0  |p 17A1214695  |o snkSP 13668  |0 0  |1 0  |4 0  |d 2016-11-14  |f 1  |l 0  |r 2026-02-24 13:27:27  |w 2026-02-24